00413nam a22001217a 4500008004100000040005500041080001400096245004100110260004300151500006200194650001400256700002100270230721b |||||||| |||| 00| 0 eng d aNational Science LibrarycNational Science Library a541.1(05) aAnnual review of physical chemistry  aPalo Alto: bAnnual Review Inc, c1966 aVol. 16 (Annual review of physical chemistry) vii, 587p.  aChemistry aEyring, H (Ed.)